01705 2200265 4500001002100000005001500021035002000036100001100056650001900067245014100086264003200227090000800259020002200267008004100289082001000330084002000340250002700360260004400387300002800431700003000459700003400489520088200523990001801405990001601423INLIS00000000001574420251024025225 a0010-06190157440 aHadjid 4aFilsafat Islam1 aPelajaran Kiai Haji Ahmad Dahlan :b7 falsafah & 17 kelompok ayat al-qur'an /cKRH. Hadjid; penyunting, Budi Setiawan, Arief Budiman Ch. embaga Pustaka dan Informasi X7.1 a978-602-6268-50-1251024 g 0 ind  a2X7.1 aSR 2X7.1 HAD p aCetakan III, Juni 2021 aYogyakarta :bSuara Muhammadiyah,c2018 ax, 240 halaman ;c15 cm0 aBudi Setiawanepenyunting0 aArief Budiman Ch.epenyunting aSosok KH Ahmad Dahlan begitu lekat dalam benak setiap warga Muhammadiyah. Betapa tidak, begitu banyak warisannya yang dinikmati oleh umat Islam di masa kini, yang meliputi sekolah, rumah sakit, rumah yatim, hingga panti jompo. Meski ia tidak banyak mewarisi tulisan, lantaran pemikirannya lebih banyak tertuang dalam kerja nyata ketimbang lembaran kertas, bukan berarti tidak ada sama sekali ajaran tertulis KH Ahmad Dahlan yang dirangkum oleh orang lain dan diceritakan kepada khalayak. Tentu saja, itu tak lain adalah untuk melestarikan teladan dan ajaran KH ahmad Dahlan sendiri, dan harapannya pada gilirannya dapat dipraktikkan kembali di masa depan. Sehingga walau jasadnya sudah tidak menemani kita, "jiwa" KH Ahmad Dahlan yang terejawantahkan dalam berbagai nasihat dan teladannya tetap terus ada mendampingi dan membimbing kita dalam mencari keselamatan dunia akhirat. a020337.034451 a56328.67148